01226nam a22001577a 4500003000900000005001700009008004100026040001300067100005000080245009200130250000600222260002000228300001900248490005900267520074200326IT-RoPau20220918175936.0121203b xxu||||| |||| 00| 0 eng d cIT-RoPau aAlberione GiacomoqFondatore Famiglia Paolini aMazzo di fiori a Maria Santissima.bEdizioni Archivio Storico Generale Famiglia Paolina aI aRomabSSPc1981 a55 p.c21,5 cm aEdizioni Archivio Storico Generale Famiglia PaolinavI aIndice generale Introduzione Mazzo di fiori I. Giglio II. Rosa III. Viola IV. Mimosa V. Reseda VI. Edera VII. Acacia VIII. Fiordaliso IX. Eliotropio X. Olivo XI. Miosite XII. Biancospino XIII. Ciclame XIV. Margherita XV. Magnolia XVI. Pervinca XVII. Mughetto XVIII. Verbena XIX. Orchidea XX. Mirto XXI. Giacinto XXII. Dittamo XXIII. Ginestra XXIV. Crisantemo XXV. Caprifoglio XXVI. Palma XXVII. Narciso XXVIII. Passionaria XXIX. Alloro XXX. Edelweiss XXXI. Amaranto Indici Indice alfabetico analitico (Argomenti - Luoghi - Persone) Indice delle citazioni della Sacra Scrittura Indice generale